Managerial Problem Solving (Record no. 2431)

MARC details
005 - DATE AND TIME OF LATEST TRANSACTION
control field 20250519100829.0
020 ## - INTERNATIONAL STANDARD BOOK NUMBER
International Standard Book Number 0-07-084445-3
082 ## - DEWEY DECIMAL CLASSIFICATION NUMBER
Classification number 658. 451 MAR
100 ## - MAIN ENTRY--PERSONAL NAME
Author name MARGERISON, C. J.
245 ## - TITLE STATEMENT
Title Managerial Problem Solving
260 ## - PUBLICATION, DISTRIBUTION, ETC.
Place of publication, distribution, etc. New York,
Name of publisher, distributor, etc. McGraw-Hill,
Date of publication, distribution, etc. 1974.
300 ## - PHYSICAL DESCRIPTION
Extent 166p.: ill.; figure, table.
Other physical details Index.
Dimensions 24cm.
942 ## - ADDED ENTRY ELEMENTS (KOHA)
Source of classification or shelving scheme Dewey Decimal Classification
Koha item type Books
Holdings
Date last seen Total checkouts Full call number Barcode Cost, replacement price Price effective from Koha item type Lost status Source of classification or shelving scheme Damaged status Not for loan Withdrawn status Home library Current library Shelving location Date acquired Cost, normal purchase price
05/19/2025   658. 451 MAR 0000009135 30000.00 05/19/2025 Books   Dewey Decimal Classification       College of Business Education Main Library College of Business Education Main Library General Collection 01/28/1997 10000.00